A Seleção Brasileira da Copa do Mundo de 2002 - Statistics

Estatísticas Gerais
  • Esse quiz foi jogado 795 vezes
  • A pontuação média é 18 de 24
Estatísticas das Respostas
Brasil 2002 - Jogadores e Técnico % Correto
Ronaldo
99%
Ronaldinho Gaúcho
98%
Cafu
96%
Roberto Carlos
95%
Rivaldo
94%
Marcos
91%
Dida
88%
Lúcio
87%
Kaká
86%
Rogério Ceni
84%
Luís Felipe Scolari
77%
Roque Júnior
76%
Vampeta
72%
Edmílson
71%
Kléberson
70%
Denílson
69%
Gilberto Silva
66%
Luizão
62%
Edílson
61%
Júnior
59%
Ânderson Polga
51%
Juninho Paulista
50%
Ricardinho
50%
Beletti
44%
Nenhum quiz correspondente encontrado
Distribuição das Pontuações
Porcentagem de Pessoas com Cada Pontuação
Percentil de Números Respondidos
Sua Pontuação Histórica
Você não jogou esse quiz